000 00454nam a2200181Ia 4500
001 8351
003 IN-NITTTR
005 20251114233037.0
008 251113s9999||||xx |||||||||||||| ||eng||
040 _beng
040 _cIN-NITTTR
041 _aeng
082 _a808.0666 L339W
100 _aLaster, Ann A.
245 0 _aWriting for occupational education. /
_cLaster, Ann A., Pickett, Nell Ann
700 _a Pickett, Nell Ann
942 _2ddc
_cBK
999 _c10989
_d10989